| 000 | 01394cad a22002295a 4500 | ||
|---|---|---|---|
| 001 | L145768 | ||
| 008 | 081106s2008 xxkd f s 000 0 eng d | ||
| 035 | _a(Sirsi) u145768 | ||
| 041 | 0 | _aeng | |
| 050 | 0 | 4 | _a333.33 $2 18 |
| 100 | 1 | _aNelson, Andrew | |
| 245 | 0 | 0 |
_aGlobalization and global trends in green real estate investment _h[electronic resource] |
| 260 |
_aLondon _bRREEF _c2008 |
||
| 490 | 0 |
_aStrategic Outlook _v64 October 2008 |
|
| 520 | _aArgues that a confluence of several distinct but related factors is forcing the real estate industry to address climate change with meaningful measures. Identifies tenant space requirements, government regulations, and demands for socially-responsible investments, as the key factors driving a rapid transformation of property markets globally to greener construction and building operations. Suggests that the globalisation of property markets, and the rise of truly global investors are intensifying these trends. Forecasts good financial returns for greener buildings due to soaring energy prices and more affordable green technologies. | ||
| 590 | _aKA | ||
| 650 | 2 | 4 | _aRREEF STRATEGIC OUTLOOK |
| 651 | 4 | _aInternational | |
| 690 | _aPROPERTY-COMMERCIAL PROPERTY-COMMERCIAL PROPERTY MARKET | ||
| 856 | 4 | 0 |
_uhttps://www.rreef.com/cps/rde/xchg/ai_en/hs.xsl/3092.html _zView the report free of charge at www.rreef.com... |
| 942 | _n0 | ||
| 999 |
_c108909 _d108909 |
||